| 000 | 00532nam a2200193 a 4500 | ||
|---|---|---|---|
| 001 | 14281 | ||
| 003 | CO-ViMGA | ||
| 008 | 141112s2004 ck r 000 u spa d | ||
| 020 | _a842060321X | ||
| 040 |
_aCO-ViMGA _bspa _cCO-ViMGA |
||
| 082 | 0 | 4 | _a882.2 S636a |
| 100 | 1 |
_aSofocles, _93710 |
|
| 245 | 1 | 0 | _aAyax - Las traquinias - Antigona - Edipo Rey |
| 260 |
_aMadrid : _bAlianza, _c1996 |
||
| 300 | _a310 | ||
| 590 | _aEjemplares : 2 Eje. 2 : Ed. Educar Cultural Recreataiva | ||
| 650 | 1 | 4 |
_aTEATRO GRIEGO _920904 |
| 942 |
_2ddc _cBK |
||
| 999 |
_c24976 _d24976 |
||